Prediktívne regulátory s IMC štruktúrou

Saved in:
Bibliographic Details
Main Author: Klč, Miroslav (Author)
Other Authors: Kozák, Štefan (Thesis advisor)
Format: Manuscript Book
Language:Slovak
Published: Bratislava : STU v Bratislave FEI, 2007
Subjects:
Tags: Add Tag
No Tags, Be the first to tag this record!

MARC

LEADER 00000ntm a22000003a 4500
001 stu143023
005 20160719165044.4
008 070703s2007------------------------slo-d
040 |a STU  |b slo 
041 0 |a slo 
100 1 |a Klč, Miroslav  |4 aut 
245 1 |a Prediktívne regulátory s IMC štruktúrou 
260 |a Bratislava :  |b STU v Bratislave FEI,  |c 2007 
300 |a 52 s 
650 7 |a kybernetika  |2 stusub 
650 7 |a regulátory  |2 stusub 
650 7 |a Matlab-programovanie  |2 stusub 
700 1 |a Kozák, Štefan  |4 ths  |u E010  |T FEI Ústav riadenia a priemyselnej informatiky  |X 1954  |U E010  |Y E010  |7 1954